[Event "AUTO-ELITE-46"]
[Site "http://www.queenalice.com/game.php?id=65961"]
[Date "2006.4.28"]
[Round "1"]
[White "man_from_mars"]
[Black "Scarlet_Spider"]
[Result "0-1"]
[WhiteElo "1900"]
[BlackElo "2072"]

1. e4 c5 2. Nf3 d6 3. c3 Nf6 4. g3 e5 5. Bg2 Be7 6. O-O O-O 7. Re1 Nc6 8. d4
exd4 9. cxd4 Bg4 10. Qb3 Bxf3 11. Qxf3 Nxd4 12. Qc3 Nd7 13. Bf4 Bf6 14. Qc4 Rc8
15. Nc3 Nc2 16. Nd5 Nxa1 17. Rxa1 Bxb2 18. Rb1 Be5 19. Be3 Nb6 20. Qb5 Nxd5 21.
exd5 b6 22. a4 Bd4 23. Rd1 Bxe3 24. fxe3 Qe8 25. Qb3 c4 26. Qb4 Qxe3+ 27. Kf1 c3
28. Be4 c2 29. Bxc2 Rxc2 0-1

[Event "QA-ANNIV-01"]
[Site "http://www.queenalice.com/game.php?id=90926"]
[Date "2006.7.31"]
[Round "4"]
[White "Scarlet_Spider"]
[Black "trompmaster"]
[Result "1-0"]
[WhiteElo "2082"]
[BlackElo "1918"]

1. e4 d6 2. d4 Nd7 3. Nf3 e5 4. Nc3 c6 5. Bc4 Be7 6. dxe5 dxe5 7. a4 b6 8. Ng5
Nh6 9. Bxf7+ Nxf7 10. Ne6 Ba6 11. Nxd8 Rxd8 12. a5 Nc5 13. Qg4 O-O 14. axb6 axb6
15. Be3 Bc8 16. Qg3 Be6 17. O-O b5 18. Ra7 Bd6 19. Bh6 g6 20. Bxf8 Bxf8 21. b4
Nd7 22. Rd1 Bxb4 23. Rc7 Bxc3 24. Qxc3 c5 25. Qa5 b4 26. Rc6 Bc4 27. Rxc5 Be2
28. Qxd8+ Nxd8 29. Rxd7 1-0

[Event "QA-ANNIV-01"]
[Site "http://www.queenalice.com/game.php?id=106367"]
[Date "2006.9.15"]
[Round "5"]
[White "shadrach"]
[Black "Scarlet_Spider"]
[Result "0-1"]
[WhiteElo "1830"]
[BlackElo "2109"]

1. e4 c5 2. Nf3 d6 3. d4 cxd4 4. Nxd4 Nf6 5. Nc3 a6 6. Be3 e6 7. Be2 Be7 8. O-O
O-O 9. a4 Nc6 10. f4 Qc7 11. Kh1 d5 12. e5 Nd7 13. Qd2 Nxd4 14. Bxd4 b6 15. Qe3
Bc5 16. Bxc5 Qxc5 17. Qxc5 bxc5 18. f5 Nxe5 19. f6 gxf6 20. Rxf6 Rb8 21. b3 Bb7
22. Raf1 d4 23. Nd1 Be4 0-1

[Event "QA-ANNIV-01"]
[Site "http://www.queenalice.com/game.php?id=128196"]
[Date "2006.11.11"]
[Round "6"]
[White "Scarlet_Spider"]
[Black "salva9001"]
[Result "0-1"]
[WhiteElo "2113"]
[BlackElo "1938"]

1. e4 c5 2. Nf3 Nc6 3. d4 cxd4 4. Nxd4 Nf6 5. Nc3 e5 6. Ndb5 d6 7. Nd5 Nxd5 8.
exd5 Ne7 9. c4 Nf5 10. Bd3 Be7 11. O-O a6 12. Nc3 O-O 13. Ne2 Bd7 14. Qc2 g6 15.
Bd2 Rc8 16. Qb3 Qc7 17. Rac1 b6 18. Rfe1 Ng7 19. Ng3 f5 20. Bh6 Bf6 0-1

[Event "QA-ANNIV-01"]
[Site "http://www.queenalice.com/game.php?id=150516"]
[Date "2007.1.5"]
[Round "7"]
[White "NimbleKnight"]
[Black "Scarlet_Spider"]
[Result "1/2-1/2"]
[WhiteElo "1906"]
[BlackElo "2095"]

1. e4 c5 2. Nf3 d6 3. d4 cxd4 4. Nxd4 Nf6 5. Nc3 a6 6. Bc4 e6 7. Bb3 b5 8. Bg5
Be7 9. Qf3 Bb7 10. Bxe6 O-O 11. Bb3 b4 12. Nce2 Nxe4 13. Bxe7 Qxe7 14. Qe3 Nd7
15. O-O Rae8 16. Rad1 Qf6 17. Qf4 Nec5 18. Qxf6 Nxf6 19. Rfe1 Nxb3 20. Nxb3 Bd5
21. f3 Re5 22. Nf4 Bc4 23. Kf2 Rxe1 24. Rxe1 Be6 25. Nxe6 fxe6 26. Rxe6 Kf7 27.
Nd4 Rd8 28. Re2 Rc8 29. g3 g6 30. Re3 Rc4 31. Rd3 Nd7 32. Rd2 Nb6 33. b3 Rc5 34.
Ne2 Nd5 35. h3 Ke6 36. Nd4+ 1/2-1/2

[Event "AUTO-ELITE-46"]
[Site "http://www.queenalice.com/game.php?id=194176"]
[Date "2007.4.9"]
[Round "2"]
[White "Scarlet_Spider"]
[Black "borgesouza"]
[Result "1-0"]
[WhiteElo "2100"]
[BlackElo "2025"]

1. e4 e5 2. Nf3 Nf6 3. Nxe5 Qe7 4. d4 d6 5. Nf3 Nxe4 6. Be3 d5 7. Bd3 Qb4+ 8.
Nc3 Bg4 9. O-O Nxc3 10. bxc3 Qxc3 11. Bd2 Qa3 12. Re1+ Be7 13. Qb1 Bxf3 14. Bb4
Qa4 15. Bxe7 Nc6 16. gxf3 Nb4 17. Bf5 Nc6 18. Qxb7 Rd8 19. Qxc6+ Qxc6 20. Bd6#
1-0

[Event "AUTO-ELITE-46"]
[Site "http://www.queenalice.com/game.php?id=194178"]
[Date "2007.4.9"]
[Round "2"]
[White "Scarlet_Spider"]
[Black "Kaupauki"]
[Result "0-1"]
[WhiteElo "2110"]
[BlackElo "2412"]

1. e4 e5 2. Nf3 Nc6 3. Bb5 Nf6 4. O-O Nxe4 5. Re1 Nd6 6. Nxe5 Be7 7. Bd3 O-O 8.
Qh5 f5 9. Nc3 Nxe5 10. Rxe5 Bf6 11. Re2 b6 12. b3 Bb7 13. Bb2 g6 14. Qh6 Re8 15.
Qf4 Rxe2 16. Bxe2 Qe7 17. Re1 Kg7 18. d4 Re8 19. Rd1 Ne4 20. Nxe4 Qxe4 21. Qxe4
fxe4 22. Bc1 d5 23. Be3 c6 24. c3 Be7 25. Bf4 h5 26. Be5+ Bf6 27. Bxf6+ Kxf6 28.
h4 Kf5 29. a4 c5 30. Bb5 Re7 31. a5 a6 32. dxc5 axb5 33. cxb6 Re8 34. b4 Rc8 35.
Ra1 Ba6 36. Ra3 Rc4 37. Rb3 Kg4 38. Rb1 Kf4 39. g3+ Kf3 40. Rd1 Rxc3 41. Rxd5
Rd3 42. Rc5 Rd1+ 43. Kh2 Kxf2 44. Rc7 Rd2 0-1

[Event "AUTO-ELITE-46"]
[Site "http://www.queenalice.com/game.php?id=194179"]
[Date "2007.4.9"]
[Round "2"]
[White "Kaupauki"]
[Black "Scarlet_Spider"]
[Result "1-0"]
[WhiteElo "2391"]
[BlackElo "2103"]

1. e4 c5 2. Nf3 d6 3. d4 cxd4 4. Nxd4 Nf6 5. Nc3 a6 6. Be3 e6 7. f3 b5 8. Qd2
Be7 9. g4 O-O 10. O-O-O Bb7 11. h4 Nfd7 12. h5 Ne5 13. a3 Nbd7 14. g5 Nb6 15. f4
Nec4 16. Bxc4 Nxc4 17. Qd3 Rc8 18. g6 Bf6 19. gxh7+ Kh8 20. h6 g5 21. fxg5 Nxe3
22. gxf6 Nxd1 23. Rf1 Kxh7 24. e5+ Kh8 25. h7 dxe5 26. Qg3 Rg8 27. hxg8=Q+ Qxg8
28. Qxe5 Nxc3 29. bxc3 Qg6 30. Rf4 Qh6 31. Kb2 Bd5 32. Rf2 Kg8 33. Rh2 Qg6 34.
Rh5 b4 35. axb4 a5 36. Rg5 Kh7 37. Qh2+ Kg8 38. Rxg6+ fxg6 39. Qh6 1-0

[Event "QA-ANNIV-03"]
[Site "http://www.queenalice.com/game.php?id=246868"]
[Date "2007.7.27"]
[Round "2"]
[White "Scarlet_Spider"]
[Black "marijan"]
[Result "0-1"]
[WhiteElo "2107"]
[BlackElo "1580"]

1. e4 c5 2. Nf3 Nc6 3. d4 cxd4 4. Nxd4 g6 5. Be3 Nf6 6. Nc3 Bg7 7. Bc4 O-O 8.
O-O d6 9. f3 Bd7 10. Nxc6 Bxc6 11. Qd2 Qc7 12. Nb5 Bxb5 13. Bxb5 d5 14. exd5
Rfd8 15. c4 a6 16. Ba4 Qxc4 17. Bb3 Qb5 18. Rad1 Rd7 19. Qd3 Qxd3 20. Rxd3 e6
21. d6 Ne8 22. Bc5 Bxb2 23. f4 b5 24. Rfd1 Nf6 25. Re3 a5 26. a4 b4 27. Bb6 Kf8
28. Bc4 Rb7 29. Bc7 Ne8 30. Bb5 Nxc7 31. Bc6 Nd5 32. Rb3 Nc3 33. Bxb7 Rd8 34.
Re1 Nxa4 35. Rd1 Bc3 36. Rbb1 Nc5 37. Bc6 a4 38. Bb5 a3 39. Bc4 Ne4 40. Rd3 Nd2
41. Ba2 Nxb1 42. Bxb1 Bf6 43. Ba2 Rc8 44. d7 Rc1+ 45. Kf2 Rc2+ 46. Ke3 Rxa2 47.
d8=Q+ Bxd8 48. Rxd8+ Kg7 0-1

[Event "QA-ANNIV-03"]
[Site "http://www.queenalice.com/game.php?id=270114"]
[Date "2007.9.11"]
[Round "3"]
[White "danilopsv"]
[Black "Scarlet_Spider"]
[Result "1-0"]
[WhiteElo "1904"]
[BlackElo "2079"]

1. c4 e5 2. d3 Nf6 3. Nf3 Nc6 4. g3 Be7 5. Bg2 O-O 6. O-O d5 7. cxd5 Nxd5 8. Nc3
Be6 9. Nxd5 Bxd5 10. Bd2 f5 11. Ne1 Bxg2 12. Nxg2 Qd5 13. Ne3 Qe6 14. Nc4 a5 15.
e3 Qd5 16. Qb3 a4 17. e4 1-0

[Event "Copa CIASC"]
[Site "http://www.queenalice.com/game.php?id=344534"]
[Date "2008.1.28"]
[Round "-"]
[White "antikythera"]
[Black "Scarlet_Spider"]
[Result "0-1"]
[WhiteElo "1602"]
[BlackElo "2072"]

1. Nf3 c5 2. c4 Nf6 3. Nc3 e6 4. e3 d5 5. d4 cxd4 6. exd4 Bb4 7. Bd3 dxc4 8.
Bxc4 O-O 9. O-O a6 10. Bg5 b5 11. Bb3 h6 12. Bxf6 Qxf6 13. Ne4 Qe7 14. Bc2 Bb7
15. Qd3 f5 16. Ng3 Nd7 17. a3 Bd6 18. Rae1 Nb6 19. Nxf5 Rxf5 20. Qxf5 exf5 21.
Rxe7 Bxe7 22. Bxf5 Bxf3 23. gxf3 Rd8 24. Re1 Bf6 25. Be6+ Kf8 26. d5 Bxb2 27.
Re3 Nc4 28. a4 Nxe3 0-1

[Event "AUTO-MASTER-458"]
[Site "http://www.queenalice.com/game.php?id=345315"]
[Date "2008.1.30"]
[Round "1"]
[White "pony"]
[Black "Scarlet_Spider"]
[Result "0-1"]
[WhiteElo "2000"]
[BlackElo "2074"]

1. e4 c5 2. Nf3 d6 3. d4 cxd4 4. Nxd4 Nf6 5. Nc3 a6 6. Be2 e6 7. O-O Be7 8. f4
Qc7 9. Kh1 Nc6 10. Bf3 O-O 11. Be3 Na5 12. g4 Nc4 13. Bc1 d5 14. exd5 Rd8 15. g5
Nxd5 16. Nxd5 exd5 17. Bg2 Bc5 18. b3 Nd6 19. Bb2 Bf5 20. Nxf5 Nxf5 21. Qh5 Ne3
22. Rf3 Nxg2 23. Kxg2 Bb6 24. Rc1 d4 25. f5 Re8 26. Rd3 Re3 27. g6 Qc6+ 28. Kg1
hxg6 29. fxg6 fxg6 30. Qg4 Rae8 31. Rxe3 dxe3 32. Qe2 Rf8 33. Ba3 Rf4 34. h3 Qe6
35. Rf1 Rd4 36. Rf8+ Kh7 37. Bc1 Rd2 38. Bxd2 exd2+ 39. Kf1 Qxh3+ 0-1

[Event "AUTO-MASTER-458"]
[Site "http://www.queenalice.com/game.php?id=345316"]
[Date "2008.1.30"]
[Round "1"]
[White "Scarlet_Spider"]
[Black "pony"]
[Result "0-1"]
[WhiteElo "2087"]
[BlackElo "1987"]

1. e4 g6 2. d4 Bg7 3. Nc3 d6 4. Be3 a6 5. Qd2 b5 6. a3 Bb7 7. f3 Nd7 8. Nge2 e6
9. O-O-O Nb6 10. Ng3 h5 11. Bd3 Ne7 12. Nge2 Qd7 13. Rhe1 Kf8 14. h4 d5 15. Bg5
Bc6 16. e5 a5 17. Nb1 Nc4 18. Qf4 b4 19. a4 Bb7 20. b3 Nb6 21. g4 Rc8 22. gxh5
gxh5 23. Rg1 c5 24. dxc5 Rxc5 25. Nd2 Qc7 26. Bf6 Bh6 27. Qg3 Rxc2+ 28. Bxc2 Nf5
29. Qf2 Ne3 30. Nd4 Qc3 31. f4 Qxd4 32. Ne4 Qa1+ 33. Kd2 Qd4+ 34. Ke1 Nxc2+ 35.
Qxc2 Qxg1+ 36. Kd2 Bxf4+ 37. Ke2 Qe3+ 38. Kf1 Ba6+ 39. Kg2 Rg8+ 0-1

[Event "AUTO-MASTER-458"]
[Site "http://www.queenalice.com/game.php?id=345331"]
[Date "2008.1.30"]
[Round "1"]
[White "technicaldraw"]
[Black "Scarlet_Spider"]
[Result "0-1"]
[WhiteElo "1827"]
[BlackElo "2056"]

1. e4 c5 2. Nf3 d6 3. d4 cxd4 4. Nxd4 Nf6 5. Nc3 a6 6. Be3 e6 7. f3 Be7 8. Qd2
b5 9. g4 h6 10. O-O-O Qc7 11. h4 Nbd7 12. Ndxb5 axb5 13. Nxb5 Qb8 14. Nxd6+ Kf8
15. Kb1 Ba6 16. Bxa6 Rxa6 17. Nc4 Rc6 18. Na5 Rc8 19. g5 Bb4 20. c3 Bxc3 21.
Qd6+ Qxd6 22. Rxd6 Bxa5 23. gxf6 Nxf6 24. Rhd1 Ke7 25. Ra6 Rhd8 26. Ra7+ Ke8 0-1

[Event "AUTO-MASTER-458"]
[Site "http://www.queenalice.com/game.php?id=345332"]
[Date "2008.1.30"]
[Round "1"]
[White "Scarlet_Spider"]
[Black "technicaldraw"]
[Result "1-0"]
[WhiteElo "2063"]
[BlackElo "1887"]

1. e4 e6 2. d4 d5 3. Nc3 Bb4 4. Bd3 dxe4 5. Bxe4 Nf6 6. Bg5 c5 7. a3 Bxc3+ 8.
bxc3 Qa5 9. Bxf6 Qxc3+ 10. Kf1 gxf6 11. Ne2 Qc4 12. Qd2 Nc6 13. c3 f5 14. Bd3
Qa4 15. Qe3 c4 16. Bxf5 Qa5 17. Be4 Ne7 18. Qf4 Nd5 19. Qe5 f6 20. Qh5+ Ke7 21.
Qh6 Kf7 22. h4 Qd8 23. Rh3 Qf8 24. Qh5+ Ke7 25. Bxd5 exd5 26. Re3+ Kd6 27. Nf4
f5 28. Qf3 Qf7 29. Rae1 Bd7 30. Re7 Qxe7 31. Qxd5+ 1-0

[Event "AUTO-MASTER-458"]
[Site "http://www.queenalice.com/game.php?id=345341"]
[Date "2008.1.30"]
[Round "1"]
[White "luke6469"]
[Black "Scarlet_Spider"]
[Result "0-1"]
[WhiteElo "1729"]
[BlackElo "2070"]

1. e4 c5 2. Nf3 d6 3. Bb5+ Bd7 4. Bxd7+ Qxd7 5. d3 Nc6 6. O-O e6 7. Bf4 Nf6 8.
Nbd2 Be7 9. e5 dxe5 10. Nxe5 Nxe5 11. Bxe5 O-O 12. Qe2 Qa4 13. Nf3 Nd7 14. Bc3
Bf6 15. Qd2 Bxc3 16. Qxc3 Rfd8 17. b3 Qa3 18. Nd2 b5 19. g3 Rac8 20. Nf3 a6 21.
Qd2 Nb6 22. Qc1 Qb4 23. Rd1 Nd5 24. Ne5 f6 25. Nf3 Qg4 26. Kg2 e5 27. h3 Qg6 0-1

[Event "AUTO-MASTER-458"]
[Site "http://www.queenalice.com/game.php?id=345342"]
[Date "2008.1.30"]
[Round "1"]
[White "Scarlet_Spider"]
[Black "luke6469"]
[Result "1-0"]
[WhiteElo "2067"]
[BlackElo "1732"]

1. e4 e6 2. d4 d5 3. exd5 exd5 4. Nf3 Nf6 5. Bd3 Be7 6. O-O O-O 7. Bg5 Bg4 8.
Nbd2 Nc6 9. h3 Bh5 10. c3 Re8 11. Re1 Qd7 12. Qb3 Na5 13. Qc2 Bg6 14. Bxg6 fxg6
15. Ne5 Qb5 16. b4 Nc6 17. a4 Qb6 18. Bxf6 Bxf6 19. Nd7 Nxd4 20. Qd3 Qd6 21.
Nxf6+ gxf6 22. Qxd4 Kf7 23. Rxe8 Rxe8 24. Qxa7 Qc6 25. Qd4 Re2 26. b5 Qe6 27. a5
Re1+ 28. Rxe1 1-0

[Event "Copa CIASC Preta"]
[Site "http://www.queenalice.com/game.php?id=361802"]
[Date "2008.2.26"]
[Round "-"]
[White "Scarlet_Spider"]
[Black "antikythera"]
[Result "1-0"]
[WhiteElo "2072"]
[BlackElo "1711"]

1. Nf3 d5 2. b3 Nf6 3. Bb2 Bf5 4. e3 e6 5. Be2 h6 6. O-O Be7 7. d3 O-O 8. Nbd2
Nc6 9. c4 b6 10. Rc1 Nb4 11. Nd4 Bxd3 12. cxd5 Bxe2 13. Qxe2 exd5 14. a3 c5 15.
Nf5 Nc6 16. Qf3 Qd7 17. b4 Rab8 18. bxc5 bxc5 19. Nxe7+ Qxe7 20. Bxf6 Qxf6 21.
Qxf6 gxf6 22. Rxc5 Rb2 23. Rxd5 Rd8 24. Rxd8+ Nxd8 25. Rd1 Nc6 26. f4 Na5 27.
Ne4 Kg7 28. Nd6 Rb3 29. a4 Ra3 30. Nf5+ Kg6 31. Nh4+ Kh7 32. Rd7 Kg7 33. Rxa7
Rxa4 34. Nf5+ Kh7 35. Nd6 1-0

[Event "AUTO-MASTER-458"]
[Site "http://www.queenalice.com/game.php?id=438258"]
[Date "2008.7.24"]
[Round "2"]
[White "Scarlet_Spider"]
[Black "levi"]
[Result "0-1"]
[WhiteElo "2067"]
[BlackElo "2295"]

1. e4 e5 2. Nf3 Nc6 3. Bb5 Nf6 4. O-O Nxe4 5. d4 Nd6 6. Bxc6 dxc6 7. dxe5 Nf5 8.
Qxd8+ Kxd8 9. Rd1+ Ke8 10. Nc3 h6 11. h3 Be7 12. Ne2 Be6 13. g4 Nh4 14. Nxh4
Bxh4 15. Nd4 a6 16. Be3 Rd8 17. Nxe6 fxe6 18. f4 Kf7 19. Kg2 g6 20. Kf3 b6 21.
Ke4 Ke7 22. b4 Rd5 23. c4 Rxd1 0-1

[Event "AUTO-MASTER-458"]
[Site "http://www.queenalice.com/game.php?id=438259"]
[Date "2008.7.24"]
[Round "2"]
[White "levi"]
[Black "Scarlet_Spider"]
[Result "1-0"]
[WhiteElo "2289"]
[BlackElo "2074"]

1. e4 d5 2. exd5 Qxd5 3. Nc3 Qa5 4. d4 c6 5. Bc4 Bf5 6. Nf3 e6 7. O-O Nf6 8. Nh4
Bg4 9. f3 Bh5 10. g4 Bg6 11. Qe2 Nbd7 12. Bf4 Qb6 13. Qd2 Bxc2 14. Rac1 Bg6 15.
a3 Qd8 16. Rfe1 Nb6 17. Bb3 Nfd5 18. Nxd5 Nxd5 19. Nxg6 hxg6 20. Be5 Be7 21.
Rcd1 Bf6 22. Rc1 1-0

[Event "AUTO-MASTER-458"]
[Site "http://www.queenalice.com/game.php?id=438260"]
[Date "2008.7.24"]
[Round "2"]
[White "Scarlet_Spider"]
[Black "Adelar"]
[Result "1-0"]
[WhiteElo "2060"]
[BlackElo "2204"]

1. e4 e5 2. Nf3 Nc6 3. Bb5 a6 4. Bxc6 dxc6 5. O-O Bg4 6. h3 Bxf3 7. Qxf3 Be7 8.
Qg3 Bf6 9. d3 Ne7 10. Be3 Ng6 11. Nd2 O-O 12. Qg4 h6 13. Rad1 Qe7 14. g3 Kh7 15.
Qf5 Kg8 16. Nb3 b6 17. a3 Qd6 18. Nd2 Rad8 19. Nc4 Qe6 20. Qxe6 fxe6 21. h4 Rf7
22. h5 Ne7 23. b4 Rdf8 24. a4 Nc8 25. a5 b5 26. Nd2 Nd6 27. Nf3 Kh7 28. Bc5 Rd8
29. Kg2 Rfd7 30. Rb1 Nf7 31. Rb3 Nd6 32. Rc3 Nb7 33. Be3 Rd6 34. g4 R8d7 35. Bc5
1-0

[Event "AUTO-MASTER-458"]
[Site "http://www.queenalice.com/game.php?id=438261"]
[Date "2008.7.24"]
[Round "2"]
[White "Adelar"]
[Black "Scarlet_Spider"]
[Result "0-1"]
[WhiteElo "2188"]
[BlackElo "2082"]

1. e4 d5 2. exd5 Qxd5 3. Nc3 Qa5 4. Nf3 c6 5. Be2 Nf6 6. O-O Bg4 7. d4 e6 8. Bd2
Nbd7 9. Ne4 Qc7 10. Nxf6+ Nxf6 11. Ne5 Bf5 12. c3 Bd6 13. f4 O-O 14. Qe1 c5 15.
Rc1 Rac8 16. Bf3 cxd4 17. cxd4 Qb6 18. Bc3 Rfe8 19. Rf2 Nd5 20. g4 Bxe5 21. dxe5
Bd3 22. Bxd5 exd5 23. Kg2 d4 24. Bd2 Qe6 25. h3 Qxa2 26. Bb4 Rxc1 27. Qxc1 a5
28. Bd6 Qd5+ 29. Kg3 Bc4 30. Qd2 d3 31. Bc7 a4 32. Qb4 b5 33. Bd6 Qh1 34. Qc5
Qg1+ 35. Rg2 Qe1+ 36. Kh2 d2 37. Qc6 Rd8 38. Qc7 h6 39. Qxd8+ Kh7 40. e6 d1=Q
0-1